Reading architectural working drawings (Record no. 103701)
[ view plain ]
| 000 -LEADER | |
|---|---|
| fixed length control field | 01064cam a2200229 4500 |
| 001 - CONTROL NUMBER | |
| control field | L127076 |
| 008 - FIXED-LENGTH DATA ELEMENTS--GENERAL INFORMATION | |
| fixed length control field | 040817n2004 000 0 eng u |
| 020 ## - INTERNATIONAL STANDARD BOOK NUMBER | |
| International Standard Book Number | 0131114689 |
| 035 ## - SYSTEM CONTROL NUMBER | |
| System control number | (Sirsi) u127076 |
| 041 ## - LANGUAGE CODE | |
| Language code of text/sound track or separate title | eng |
| 050 ## - LIBRARY OF CONGRESS CALL NUMBER | |
| Classification number | 720.284 |
| -- | 22 |
| 100 ## - MAIN ENTRY--PERSONAL NAME | |
| Personal name | Muller, Edward J. |
| 245 ## - TITLE STATEMENT | |
| Title | Reading architectural working drawings |
| Remainder of title | residential and light construction |
| 250 ## - EDITION STATEMENT | |
| Edition statement | 6th ed. |
| 260 ## - PUBLICATION, DISTRIBUTION, ETC. | |
| Place of publication, distribution, etc. | New Jersey |
| Name of publisher, distributor, etc. | Pearson |
| Date of publication, distribution, etc. | 2004 |
| 300 ## - PHYSICAL DESCRIPTION | |
| Extent | 304p. |
| Dimensions | 28cm. |
| 350 ## - PRICE (NR) (BK AM CF MU VM SE) [OBSOLETE] | |
| Price | 42.99 |
| 520 ## - SUMMARY, ETC. | |
| Summary, etc. | An American text-work book that introduces concepts essential to a basic understanding of residential and light construction while providing practical experience in reading architectural working drawings. Covers background principles, residential working drawings, specifications and reading the working drawings of a small church. Appendix contains reviews of plane and solid geometry calculations. Examples of architectural working drawings. |
| 690 ## - LOCAL SUBJECT ADDED ENTRY--TOPICAL TERM (OCLC, RLIN) | |
| Topical term or geographic name as entry element | BUILT ENVIRONMENT-CONSTRUCTION DESIGN-ARCHITECTURAL DESIGN |
| 700 ## - ADDED ENTRY--PERSONAL NAME | |
| Personal name | Grau, Philip A. |
| 942 ## - ADDED ENTRY ELEMENTS (KOHA) | |
| Suppress in OPAC | 0 |
| Withdrawn status | Lost status | Source of classification or shelving scheme | Damaged status | Not for loan | Home library | Current library | Shelving location | Date acquired | Cost, normal purchase price | Total Checkouts | Full call number | Barcode | Date last seen | Copy number | Cost, replacement price | Price effective from | Koha item type |
|---|---|---|---|---|---|---|---|---|---|---|---|---|---|---|---|---|---|
| Dewey Decimal Classification | London | London | Books | 21/06/2005 | 36.54 | 720.284 MUL | 30070882 | 06/08/2019 | 1 | 36.54 | 06/08/2019 | Book |